| 000 | 00734nam a2200241Ia 4500 | ||
|---|---|---|---|
| 003 | OSt | ||
| 005 | 20220918192806.0 | ||
| 006 | a|||||r|||| 00| 0 | ||
| 007 | ta | ||
| 008 | 220917b |||||||| |||| 00| 0 eng d | ||
| 024 | _a70,328 | ||
| 037 | _cTextual | ||
| 040 |
_aARTS _cARTS _beng |
||
| 041 |
_2eng _aeng |
||
| 082 | _aR355.43591.N7, L5 | ||
| 100 |
_aNagata Judiath A ed _980195 |
||
| 245 | 0 |
_aPluralism in Malaysia, myth and rality _b a symposium on Singapore and Malaysia |
|
| 260 |
_aLeiden _bE J Brill _c1975 |
||
| 300 |
_a138p. _ccm. |
||
| 490 |
_vV7 _aContributions to Asian studies ed by Ishwaran; 7 |
||
| 942 |
_hR355.43591.N7, L5 _cTEXL _2CC |
||
| 999 |
_c196426 _d196426 |
||